000 00513nam a2200181Ia 4500
999 _c13544
_d13544
003 OSt
005 20201019094348.0
008 190216s9999||||xx |||||||||||||| ||und||
020 _a5050023386
040 _coclc
082 _a891.73
_bSHO/F
100 _aSholokhov, M
_95733
245 4 _aThe Fate Of A Man And Early Stories /
_cM Sholokhov
260 _bRaduga Publishers ,
_c1989.
_aMoscow:
300 _a171p
650 _aSpeeches
942 _cBK
_2ddc
_h891.73
_iSHO/F
_k891.73
_mSHO/F